Global business today / (Record no. 1351)
[ view plain ]
| 000 -LEADER | |
|---|---|
| fixed length control field | 00416nam a22001697a 4500 |
| 008 - FIXED-LENGTH DATA ELEMENTS--GENERAL INFORMATION | |
| fixed length control field | 151103b xxu||||| |||| 00| 0 eng d |
| 020 ## - INTERNATIONAL STANDARD BOOK NUMBER | |
| International Standard Book Number | 9780071285506 |
| 041 0# - LANGUAGE CODE | |
| Language code of text/sound track or separate title | eng |
| 080 ## - UNIVERSAL DECIMAL CLASSIFICATION NUMBER | |
| Universal Decimal Classification number | 658 |
| 245 #0 - TITLE STATEMENT | |
| Title | Global business today / |
| Statement of responsibility, etc | Charles W. L. Hill. |
| 250 ## - | |
| -- | 6th. ed. |
| 260 ## - | |
| -- | USA: |
| -- | McGraw-Hill; |
| -- | 2009. |
| 300 ## - | |
| -- | 608 f.: |
| -- | me il.; |
| -- | 23 cm. |
| 650 #0 - | |
| -- | Biznesi |
| 650 #0 - | |
| -- | Global |
| 942 ## - ADDED ENTRY ELEMENTS (KOHA) | |
| Source of classification or shelving scheme | |
| Item type | Books |
| Withdrawn status | Lost status | Source of classification or shelving scheme | Damaged status | Not for loan | Collection code | Permanent location | Current location | Shelving location | Date acquired | Total Checkouts | Full call number | Barcode | Date last seen | Koha item type | Price effective from |
|---|---|---|---|---|---|---|---|---|---|---|---|---|---|---|---|
| Koleksioni i përgjithshem | UBT - Lipjan | UBT - Lipjan | Koleksioni i përgjithshem | 11/03/2015 | 658 HILL | 002-008711 | 11/01/2017 | Books | |||||||
| Koleksioni i përgjithshem | UBT - Lipjan | UBT - Lipjan | Koleksioni i përgjithshem | 12/08/2015 | 658 HIL | 002-008710 | 12/08/2015 | Books | 12/08/2015 | ||||||
| Koleksioni i përgjithshem | UBT - Lipjan | UBT - Lipjan | Koleksioni i përgjithshem | 11/01/2017 | 658 HIL | 002-2935720 | 11/01/2017 | Books | 11/01/2017 | ||||||
| Koleksioni i përgjithshem | UBT - Lipjan | UBT - Lipjan | Koleksioni i përgjithshem | 11/01/2017 | 658 HIL | 002-2935725 | 11/01/2017 | Books | 11/01/2017 |